000 00387nam a2200121Ia 4500
005 20260328101458.0
008 260328s9999||||xx |||||||||||||| ||und||
100 _aJunta del Acuerdo de Cartagena
245 0 _aManual de DiseƱo para Maderas del Grupo andino /
_cJunta del Acuerdo de Cartagena
260 _bJunta del Acuerdo de Cartagena
650 _aMATERIALES CONSTRUCTIVOS
942 _cBK
999 _c8903
_d8903